000 00483nam a22001697a 4500
005 20251108173721.0
008 250721s2003 xx 000 0 ara d
082 1 4 _a216.534/مصط
100 1 _aمصطفى، أسامة نعيم
_eمؤلف
245 1 0 _aفقه السنة للنساء /
264 1 _aعمان :
_bدار الأسرة،
_c2003.
300 _a80ص.
650 1 7 _aالمراه المسلمه
650 1 7 _aفقه السنه
942 _2ddc
_cBK
999 _c110698
_d110698